|
|
|
|
| LEADER |
00979nam a2200277 a 4500 |
| 001 |
39592 |
| 003 |
BD-DhAAL |
| 008 |
220927t1987 nyua 001 0 eng d |
| 999 |
|
|
|c 44921
|d 44921
|
| 010 |
|
|
|a 86021785
|
| 020 |
|
|
|a 0393955540
|
| 040 |
|
|
|a DLC
|c DLC
|d DLC
|d BD-DhAAL
|
| 050 |
0 |
0 |
|a HB172
|b .V34 1987
|
| 082 |
0 |
0 |
|a 338.5
|2 19
|
| 100 |
1 |
|
|a Varian, Hal R.
|9 51648
|
| 245 |
1 |
0 |
|a Intermediate microeconomics :
|b a modern approach /
|c Hal R. Varian.
|
| 250 |
|
|
|a First edition
|
| 260 |
|
|
|a New York :
|b W.W. Norton,
|c c1987.
|
| 300 |
|
|
|a xviii, 587, A34 pages :
|b illustrations ;
|c 25 cm.
|
| 500 |
|
|
|a Includes index.
|
| 541 |
|
|
|a Donated By Akbar Ali Khan
|e 39592
|
| 650 |
|
0 |
|a Microeconomics.
|9 51649
|
| 650 |
|
0 |
|a Economics.
|9 51650
|
| 852 |
|
|
|a Ayesha Abed Library
|c General Stacks
|
| 942 |
|
|
|2 ddc
|c BK
|
| 952 |
|
|
|0 0
|1 0
|2 ddc
|4 0
|6 338_500000000000000_VAR
|7 1
|9 71892
|a BRACUL
|b BRACUL
|c AAKC
|d 2022-09-27
|e Donated by Akbar Ali Khan
|l 0
|o 338.5 VAR
|p 3010039592
|r 2022-09-27
|t 1
|w 2022-09-27
|y BK
|